000 00613nam a2200205Ia 4500
005 20250508155021.0
008 008 250505s9999 xx 000 0 eng d
037 _aTextual
040 _aFEDL
_beng
_cFEDL
041 _aeng
_2eng
084 _a373.73, CON
_qFEDL
100 _aConant James B
245 0 _aAmerican high school today : A first report to interested citizens
260 _aNew York, USA
_bMcGraw-Hill Book Company
_c1959
300 _a140p.
365 _aUSD
_b1.95
650 _aSecondary education - U S
_9758265
942 _cTEXL
_h373.73, CON
999 _c1353424
_d1353424